书目信息 |
| 题名: |
纤维素科学
|
|
| 作者: | 高洁 , 汤烈贵 主编 | |
| 分册: | ||
| 出版信息: | 北京 科学出版社 1996.10 |
|
| 页数: | 270页 | |
| 开本: | 16开 | |
| 丛书名: | 高分子科学丛书 | |
| 单 册: | ||
| 中图分类: | O636.1 | |
| 科图分类: | ||
| 主题词: | 高分子化学 , 高聚物 | |
| 电子资源: | ||
| ISBN: | 7-03-005055-X | |
| 000 | 00664nam0 2200241 45 | |
| 001 | 0103261013 | |
| 005 | 20031219104049.2 | |
| 010 | @a7-03-005055-X@dCNY38.00 | |
| 100 | @a20010326d1996 km y0chiy0120 ea | |
| 101 | 0 | @achi |
| 105 | @a z 000yy | |
| 200 | 1 | @a纤维素科学@AXian Wei Su Ke Xue@f高洁,汤烈贵主编@FGao Jie,Tang Lie Gui Zhu Bian |
| 210 | @a北京@c科学出版社@d1996.10 | |
| 215 | @a270页@d16开 | |
| 225 | @a高分子科学丛书 | |
| 410 | @12001 @a高分子科学丛书 | |
| 606 | 0 | @a高分子化学 |
| 606 | 0 | @a高聚物 |
| 690 | @aO636.1@v1 | |
| 701 | 0 | @a高洁@4主编 |
| 701 | 0 | @a汤烈贵@4主编 |
| 801 | @aCN@bTSTC@c20010326 | |
| 905 | @b296026-028@dO636.1@e31@f3 | |
| 纤维素科学/高洁,汤烈贵主编.-北京:科学出版社,1996.10 |
| 270页;16开.-(高分子科学丛书) |
| ISBN 7-03-005055-X:CNY38.00 |
| ● |
| 相关链接 |
|
|
|
|
正题名:纤维素科学
索取号:O636.1/31
 
预约/预借
| 序号 | 登录号 | 条形码 | 馆藏地/架位号 | 状态 | 备注 |
| 1 | 0296026 | 002960264 | 第三借阅区/ [索取号:O636.1/31] |
已借出,限还日期为2026.05.06 借出人:罗宝晶 |
|
| 2 | 0296027 | 002960273 | 第三借阅区/ [索取号:O636.1/31] | 在馆 | |
| 3 | 0296028 | 002960282 | 第二样本阅览室/ [索取号:O636.1/31] | 在馆 |